|
|
|
|
| LEADER |
00000cam a2200000 7i4500 |
| 001 |
0000030219 |
| 005 |
20241202.0 |
| 008 |
230127 my eng |
| 040 |
|
|
|a INS
|b eng
|c INS
|e rda
|
| 090 |
0 |
0 |
|a Thesis 71
|b 2022
|
| 100 |
1 |
|
|a Zulhisyam Bin Abdul, ,
|e author
|
| 245 |
1 |
0 |
|a Factors influencing home ownership among public servants in Penang
|c Zulhisyam Bin Abdul
|
| 264 |
|
0 |
|c 2022
|
| 300 |
|
|
|a xiii, 128 pages :
|b illustrations, colour ;
|c 25 cm.
|
| 336 |
|
|
|a text
|2 rdacontent
|
| 337 |
|
|
|a unmediated
|2 rdamedia
|
| 338 |
|
|
|a volume
|2 rdacarrier
|
| 500 |
|
|
|a Thesis submitted to the Faculty of Built Environment and Surveying, Universiti Teknologi Malaysia, in fulfilment of the requirements for the award of the Degree of Master of Science (Real Estate)
|
| 650 |
|
0 |
|a Home ownership
|z Penang
|
| 650 |
|
0 |
|a Public housing
|z Penang
|
| 999 |
|
|
|a THE0000094
|b BOOK
|c Thesis
|e Default branch
|